Word Ladder: Star Trek First Officers Quiz Stats

 Plays Quiz Updated Oct 19, 2015

Challenge
Share
Tweet
Embed
Score 0/22 Timer 03:00
0 Plays Today
Clue 5-Letter Word % Correct
To talkSPEAK
96.9%
First officer to Kirk★SPOCK★
96.8%
Tiny spot of dirtSPECK
96.2%
Sugary; basic tasteSWEET
96.2%
Fluid from one's poresSWEAT
96.1%
To curse (or to promise as an oath)SWEAR
95.3%
Long stick used to throw or stabSPEAR
95%
Win all 4 games in a seriesSWEEP
93.6%
The Amazon, the Nile, or the MississippiRIVER
93.4%
Bile producing organLIVER
92.2%
One who is romantically involvedLOVER
90.7%
Clue 5-Letter Word % Correct
Woolly, ruminant mammalSHEEP
87%
Appliance found at McDonald's for potatoesFRYER
86.2%
Lobby or entrance hallFOYER
83.1%
Noise made by a birdCHEEP
82.5%
More emancipatedFREER
79%
Song by Radiohead or TLCCREEP
71.6%
'With Arms Wide Open' bandCREED
69.9%
DJ Alan, coiner of term 'rock and roll'FREED
66.8%
'All Along the Watchtower' for HendrixCOVER
66.2%
More shyCOYER
64.8%
First officer to Picard★RIKER★
46.6%

Today's Daily Dose

Missing Word
TV HA - HZ

Word Ladder
Nordic Capital

On This Day
January 19th II

You're not logged in!

Compare scores with friends on all Sporcle quizzes.
OR
Log In

You Might Also Like...

Show Comments

Extras

Top Quizzes Today


Score Distribution

Your Account Isn't Verified!

In order to create a playlist on Sporcle, you need to verify the email address you used during registration. Go to your Sporcle Settings to finish the process.

Report this User

Report this user for behavior that violates our Community Guidelines.

Details: